Score 0/8 Timer 01:00
3 Plays Today
% Correct
Cabbage Patch Kids
92.6%
Care Bears
90.6%
My Little Pony
89%
Pound Puppies
77.5%
Rainbow Brite
77.4%
She-Ra
65%
Scattergories
56.9%
Girl Talk
49.1%

Today's Daily Dose

Remove Ads.
Support Sporcle.
Get the best of Sporcle when you Go Orange. This ad-free experience offers more features, more stats, and more fun while also helping to support Sporcle. Thank you for becoming a member.

You're not logged in!

Compare scores with friends on all Sporcle quizzes.
OR
Log In

Show Comments

Extras

Top Quizzes Today


Score Distribution

Your Account Isn't Verified!

In order to create a playlist on Sporcle, you need to verify the email address you used during registration. Go to your Sporcle Settings to finish the process.

Report this User

Report this user for behavior that violates our Community Guidelines.

Details: